00550nam a2200169Ia 4500001000900000003000500009005001700014008004100031010001100072040002300083100003200106245011400138260008100252300001000333500002300343650001400366dia_3978CHAP20251015154725.0220117s1987 xx 000 0 und d a174589 cCHAPamxchpuaerda aRodríguez Chaurnet, Dinah aLa heterogeneidad estructural en la industria alimentaria en México /c Dinah Rodríguez Chaurnet. Coord. aMéxico :b UNAM, Coordinación de la investigación científica,c1987 a60 p. aC/e (Cuadernos, 1) aAlimentos